| LEADER |
00592nam0a2200181 450 |
| 001 |
16832838 |
| 010 |
|
|
|a 978-2-211-30248-7
|b rel.
|d 14
|
| 100 |
|
|
|a 20190423d2019 u u0frey01 ba
|
| 101 |
1 |
|
|a fre
|c eng
|
| 102 |
|
|
|a FR
|
| 200 |
0 |
|
|a Classe de Lune
|f John Hare
|
| 207 |
|
1 |
|a
|
| 210 |
|
|
|a Paris
|b 11, Rue de Sèvres
|c L'école des loisirs
|d 2019
|
| 215 |
|
|
|a 1 vol. (non paginé [40 p.])
|c ill. en coul.
|d 25 cm
|
| 700 |
|
0 |
|a Hare
|b John
|f 1976-....
|4 70
|
| 900 |
|
|
|a Album
|
| 901 |
|
|
|a Accessible au prêt
|
| 995 |
|
|
|a Bibliothèque
|c Bibliothèque
|f 024019988
|h 024019988
|k A2 HAR
|o p
|q j
|r az
|e Bibliothèque
|